00326 a2200145 450000100060000002000150000604000240002110000220004524000330006724500280010030000070012836200090013544000120014465000240015668932 a8516013359 cAnchieta - Itaigara aRomanelli, Edgard10aO bem com o bem se pagalpor10aO bem com o bem se paga a310 a1996 1aModerna 4aLiteratura infantil